التوقيع الإلكتروني / (Record no. 22359)
[ view plain ]
| 000 -الفاتح | |
|---|---|
| حقل البيانات ثابتة الطول | 02105nam a22002895a 4500 |
| 003 - محدد رقم الضبط | |
| رقم الضبط | OSt |
| 005 - وقت وتاريخ اخر تعامل مع التسجيلة | |
| رقم الضبط | 20160918143523.0 |
| 008 - عناصر البيانات ثابتة الطول - معلومات عامة | |
| حقل البيانات ثابتة الطول | 160918s2010 ua frb 000 0 ara d |
| 015 ## - | |
| -- | 2009/13973 |
| 020 ## - الرقم الدولى المعيارى للكتب | |
| الرقم الدولى المعيارى للكتاب | 9774221540 |
| 040 ## - مصدر الفهرسة | |
| وكالة الفهرسة الأصلية | EG-ScBUE |
| لغة الفهرسة | ara |
| وكالة النسخ | EG-ScBUE |
| 082 04 - رقم تصنيف ديوى العشرى | |
| رقم التصنيف | 343.09944 |
| رقم المادة | إ ب ر |
| رقم الطبعة | 22 |
| 100 1# - المدخل الرئيسى - إسم شخصى | |
| الإسم الشخصى | إبراهيم، خالد ممدوح. |
| 9 (RLIN) | 41109 |
| 245 14 - بيان العنوان | |
| العنوان | التوقيع الإلكتروني / |
| بيان المسئوليه,etc | خالد ممدوح إبراهيم. |
| 250 ## - بيان الطبعة | |
| بيان الطبعة | ط. 1. |
| 260 ## - PUBLICATION, DISTRIBUTION, ETC. (IMPRINT) | |
| مكان الناشر او الموزع | الإسكندرية : |
| اسم الناشر او الموزع | الدار الجامعية، |
| تاريخ النشر أو التوزيع | 2010. |
| 300 ## - الوصف المادى | |
| التعداد | 514 ص. ؛ |
| أبعاد الوعاء | 24 سم. |
| 500 ## - تبصرة عامة | |
| تبصرة عامة | يشتمل على ملاحق. |
| 504 ## - تبصرة ببليوجرافية | |
| تبصرة ببليوجرافية,الخ | يشتمل على إرجاعات ببليوجرافية. |
| 520 ## - التبصرة الخاصة بالتعليق أو التلخيص | |
| ملخص,الخ | هذا المرجع يشتمل على الآتي :<br/>-الإطار القانوني للتوقيع الإلكتروني - التوقيع التقليدي والإلكتروني - تعريف التوقيع الإلكتروني -الجوانب التقنية للتوقيع الإلكتروني - صور التوقيع الإلكتروني - الشروط القانونية والفنية للتوقيع الإلكتروني - حماية التوقيع الإلكتروني بواسطة التشفير - المسئولية القانونية لجهة التصديق الإلكتروني - شهادة التصديق الإلكتروني - الجرائم الواقعة على التوقيع الإلكتروني - حفظ عمليات التوقيع الإلكتروني - تطبيقات التوقيع الإلكتروني - العقد الإلكتروني - الحكومة الإلكترونية - ماهية الحكومة الإلكترونية - التشريعات الأجنبية - التشريعات العربية. |
| 650 #7 - المدخل الاضافى بالموضوع-مصطلح موضوعى | |
| مصطلح موضوعي أو اسم جغرافي كعنصر مدخل | التوقيعات الرقمية |
| التقسيم الفرعي العام | قوانين وتشريعات. |
| مصدر الرأس أو المصطلح | BUEsh |
| 9 (RLIN) | 41110 |
| 650 #7 - المدخل الاضافى بالموضوع-مصطلح موضوعى | |
| مصطلح موضوعي أو اسم جغرافي كعنصر مدخل | العقود الإلكترونية |
| التقسيم الفرعي العام | قوانين وتشريعات |
| مصدر الرأس أو المصطلح | BUEsh |
| 9 (RLIN) | 41111 |
| 650 #7 - المدخل الاضافى بالموضوع-مصطلح موضوعى | |
| مصطلح موضوعي أو اسم جغرافي كعنصر مدخل | التجارة الإلكترونية |
| التقسيم الفرعي العام | قوانين وتشريعات |
| مصدر الرأس أو المصطلح | BUEsh |
| 9 (RLIN) | 41112 |
| 651 ## - المدخل الاضافى بالموضوع - اسم جغرافى | |
| مصدر الرأس أو المصطلح | BUEsh |
| 653 ## - مصطلح تكشيفى غير مقيد | |
| Resource For college | Law |
| Arrived date list | September2016 |
| 942 ## - عناصر المدخل الإضافي( كوها) | |
| مصدر التصنيف او مخطط الترفيف | Dewey Decimal Classification |
| حالة التراجع | حالة الفقد | مصدر التصنيف او خطة الترفيف | حالة تلف | ليس للاعارة | مجموعات كوها | المكان الدائم | المكان الحالي | موقع الترفيف | تاريخ الاكتساب | Source of acquisition | سعر الشراء الطبيعي | تعداد مسلسل / التسلسل الزمني | رقم الاستدعاء | الباركود | Date last seen | مُعار | التكلفة | نوع الوعاء |
|---|---|---|---|---|---|---|---|---|---|---|---|---|---|---|---|---|---|---|
| Dewey Decimal Classification | دار الفكر العربي | Central Library | Central Library | First floor | 18/09/2016 | Purchase | 110.00 | 15886 | 343.09944 إ ب ر | 000033575 | 15/07/2025 | 27/10/2024 | 138.00 | Book - Borrowing | ||||
| Dewey Decimal Classification | دار الفكر العربي | Central Library | Central Library | First floor | 18/09/2016 | Purchase | 110.00 | 15885 | 343.09944 إ ب ر | 000033576 | 15/07/2025 | 138.00 | Book - Borrowing |